00150 a2200073 45000010005000001000016000052450035000212600020000563693 aNomani, H H aCensus of Pakistan east Bengal abGovt of Pakc